书目信息 |
| 题名: |
现代农艺实践
|
|
| 作者: | 吴殿星 , 舒小丽 , 张宁 主编 | |
| 分册: | ||
| 出版信息: | 北京 中国农业出版社 2019.08 |
|
| 页数: | 132页 | |
| 开本: | 24cm | |
| 丛书名: | ||
| 单 册: | ||
| 中图分类: | S3 | |
| 科图分类: | ||
| 主题词: | 农学--nong xue | |
| 电子资源: | ||
| ISBN: | 978-7-109-24018-6 | |
| 000 | 00942nam0 2200253 450 | |
| 001 | 0106081807 | |
| 005 | 20201106082043.0 | |
| 010 | @a978-7-109-24018-6@dCNY79.80 | |
| 100 | @a20200408d2019 em y0chiy50 ea | |
| 101 | 0 | @achi |
| 102 | @aCN@b110000 | |
| 105 | @aa z 000yy | |
| 106 | @ar | |
| 200 | 1 | @a现代农艺实践@Axian dai nong yi shi jian@f吴殿星, 舒小丽, 张宁主编 |
| 210 | @a北京@c中国农业出版社@d2019.08 | |
| 215 | @a132页@c图,照片@d24cm | |
| 330 | @a本书共分6章,包括内容有:常见大田农作物、经济作物与药用植物介绍;代表性大田农作物、经济作物与药用植物栽培技术;农作物农艺性状观察、产量评估与适期收获;主要农作物杂交技术;现代农业生产模式介绍与无土栽培技术;农田杂草类型和病虫害的识别。 | |
| 606 | 0 | @a农学@Anong xue |
| 690 | @aS3@v5 | |
| 701 | 0 | @a吴殿星@Awu dian xing@f(1971-)@4主编 |
| 701 | 0 | @a舒小丽@Ashu xiao li@4主编 |
| 701 | 0 | @a张宁@Azhang ning@4主编 |
| 801 | 0 | @aCN@bBJSZM@c20201106 |
| 905 | @b1191588-91@dS3@e72@f4 | |
| 现代农艺实践/吴殿星, 舒小丽, 张宁主编.-北京:中国农业出版社,2019.08 |
| 132页:图,照片;24cm |
| ISBN 978-7-109-24018-6:CNY79.80 |
| 本书共分6章,包括内容有:常见大田农作物、经济作物与药用植物介绍;代表性大田农作物、经济作物与药用植物栽培技术;农作物农艺性状观察、产量评估与适期收获;主要农作物杂交技术;现代农业生产模式介绍与无土栽培技术;农田杂草类型和病虫害的识别。 |
| ● |
| 相关链接 |
|
|
|
|
正题名:现代农艺实践
索取号:S3/72
 
预约/预借
| 序号 | 登录号 | 条形码 | 馆藏地/架位号 | 状态 | 备注 |
| 1 | 1191588 | 211915882 | 第二样本阅览室/ [索取号:S3/72] | 在馆 | |
| 2 | 1191589 | 211915891 | 第三借阅区/ [索取号:S3/72] | 在馆 | |
| 3 | 1191590 | 211915908 | 第三借阅区/ [索取号:S3/72] | 在馆 | |
| 4 | 1191591 | 211915917 | 第三借阅区/ [索取号:S3/72] | 在馆 |